Quantos %? #1 - Statistics

Estatísticas Gerais
  • Esse quiz foi jogado 89 vezes
  • A pontuação média é 9 de 15
Estatísticas das Respostas
... de ... % % Correto
8 de 100 8
98%
4 de 20 20
76%
1 de 10 10
65%
90 de 900 10
64%
300 de 150 200
64%
80 de 100 80
64%
210 de 210 100
59%
901 de 1000 90
59%
350 de 700 50
56%
130 de 200 65
56%
3 de 15 20
50%
24 de 25 96
48%
14 de 50 28
45%
27 de 90 30
41%
180 de 450 40
39%
Nenhum quiz correspondente encontrado
Distribuição das Pontuações
Porcentagem de Pessoas com Cada Pontuação
Percentil de Números Respondidos
Sua Pontuação Histórica
Você não jogou esse quiz